Loading...
| Mythology | 0 | 5 | 0 | 0 | 50 | 40 | 63.80 | 1 | 2 |
| Literature - European Literature | 0 | 4 | 0 | 0 | 40 | 71 | 94.25 | 1 | 2 |
| Literature - American Literature | 0 | 4 | 0 | 2 | 40 | 76 | 99.25 | 0 | 1 |
| Science - Chemistry | 0 | 4 | 0 | 1 | 40 | 56 | 75.50 | 0 | 1 |
| History - American History | 0 | 3 | 1 | 2 | 25 | 85 | 90.00 | 0 | 0 |
| Science - Other Science | 0 | 2 | 0 | 2 | 20 | 84 | 89.50 | 0 | 0 |
| Fine Arts - Classical Music | 0 | 2 | 0 | 0 | 20 | 91 | 97.50 | 0 | 0 |
| Painting/Sculpture | 0 | 2 | 0 | 0 | 20 | 60 | 77.50 | 0 | 0 |
| Science - Biology | 0 | 1 | 0 | 0 | 10 | 42 | 42.00 | 0 | 1 |
| Fine Arts - Other Fine Arts | 0 | 1 | 0 | 0 | 10 | 48 | 48.00 | 0 | 1 |
| Current Events | 0 | 1 | 0 | 1 | 10 | 98 | 98.00 | 0 | 0 |
| Philosophy | 0 | 1 | 0 | 0 | 10 | 105 | 105.00 | 0 | 0 |
| Religion | 0 | 1 | 0 | 1 | 10 | 110 | 110.00 | 0 | 0 |
| Literature - British Literature | 0 | 1 | 1 | 0 | 5 | 81 | 81.00 | 0 | 0 |
| History - Other History | 0 | 1 | 1 | 0 | 5 | 66 | 66.00 | 0 | 0 |
| Geography | 0 | 0 | 1 | 0 | -5 | 0.00 | 0 | 0 |